000 01537nam a2200277 a 4500
001 BRCA_8783
005 20190320210417.0
008 170417s1775----sp-#######---#000-0#spa-#
041 _aspa
044 _asp
084 _aBE160
_b.A56 1775
245 1 0 _aAño christiano
_bó exercicios devotos para todos los domingos, días de quaresma y fiestas movibles del año,
_ctraducido fielmente del francés al castellano por el Doct. Joaquin Castellot, Capellan Doctoral de S.M. en su Real Capilla de la Encarnación de Madrid
260 _aMadrid
_bEn la Imprenta de Don Antonio Perez
_c1775
300 _a484 p. (t.4)
_c21.5 x 15 cm.
500 _aCon las licencias necesarias
500 _aEn portada: Desde el domingo de resurrección hasta la octava del corpus
500 _aEstado físico: presenta encuadernación en pergamino, con lomo desprendido y cintas rotas
505 0 _aContiene la historia o explicación de lo que hay más particular, è instructivo en semejantes días; algunas reflexiones sobre la epístola; una meditación después del evangelio de la misa, y algunos exercicios prácticos, ó propósitos adaptables á todo genero de personas
650 1 4 _aEjercicios devotos
_zObras anteriores a 1800
_921890
650 1 4 _aCalendario devotos
_xIglesia católica
_zObras anteriores a 1800
_921891
650 1 4 _aMeditaciones del año cristiano
_zObras anteriores a 1800
_921892
700 1 _aCastellot, Joaquin
_etr.
_921893
700 1 _aPérez de Soto, Antonio
_eImpresor
_921894
902 _aCFM
942 _2lcc
_cB
999 _c8434
_d8434